=LDR 00000nam 2200000 4500 =001 INLIS000000000016794 =005 20130612112034 =008 ***********************************Ind** =035 ##$$0010-061300000016794 =041 ##$$a Ind =082 ##$$a F Rom K =090 ##$$a F Rom K, Bro m =100 ##$$a broeckx =245 ##$$a Malam gelap bagi penyu, Broecks ; penerjemah, Soemaryono Hurip =260 ##$$a 1990 $b Jakarta =300 ##$$a 44 hlm, ilus, 29 cm =650 ##$$a Fiksi Roman anak-anak =850 ##$$a NBPNMAT